000 00542nam a22001697a 4500
005 20251108165852.0
008 250721s1984 xx 000 0 ara d
082 1 4 _aط/674/عوا
100 1 _aعلي، عواطف
_eإعداد
245 1 0 _aأصنع من الخشب /
264 1 _aبغداد :
_bوزارة الثقافه و الإعلام : دار ثقافة الطفل،
_c1984.
300 _a22ص: مص
490 0 _aمكتبة الطفل : سلسلة هوايات ؛18
650 1 7 _aالخشب
942 _2ddc
_cBK
999 _c33410
_d33410